Acyclic subdigraphs and linear orderings polytopes, facets, and a cutting plane algorithm
Enregistré dans:
| Auteur principal: | |
|---|---|
| Autres auteurs: | , |
| Format: | Livre |
| Langue: | anglais |
| Publié: |
Augsburg
Universität
1984
|
| Collection: | Preprint
no. 28 |
| Tags: |
Pas de tags, Soyez le premier à ajouter un tag!
|
MARC
| LEADER | 00000nam a2200000 4500 | ||
|---|---|---|---|
| 001 | c113762 | ||
| 005 | 20250707072532.5 | ||
| 041 | 0 | |a eng | |
| 044 | |a DE | ||
| 245 | 1 | 0 | |a Acyclic subdigraphs and linear orderings |b polytopes, facets, and a cutting plane algorithm |c M. Grötschel, M. Jünger, G. Reinelt |
| 264 | 1 | |a Augsburg |b Universität |c 1984 | |
| 300 | |a 49 s. | ||
| 490 | 1 | |a Preprint |v no. 28 | |
| 830 | 0 | |a Preprint |v no. 28 | |
| 100 | 1 | |a Grötschel, M. | |
| 700 | 1 | |a Jünger, M. | |
| 700 | 1 | |a Reinelt, G. | |